| 000 | 01330cam a2200325 i 4500 | ||
|---|---|---|---|
| 001 | 15110757 | ||
| 003 | EG-ScBUE | ||
| 005 | 20240929122631.0 | ||
| 008 | 071212s2007 njua f b 101 0 eng d | ||
| 020 | _a9789812705945 | ||
| 020 | _a9812705945 | ||
| 035 | _a(OCoLC)ocn144226088 | ||
| 040 |
_aBTCTA _beng _erda _cBTCTA _dBAKER _dYDXCP _dOL$ _dGUA _dTXA _dDLC _dEG-ScBUE |
||
| 082 | 0 | 4 |
_a515 _222 _bAPP |
| 111 | 2 |
_aInternational Conference of Applied Analysis and Differential Equations _d(2006 : _cIasi, Romania) _910657 |
|
| 245 | 0 | 0 |
_aApplied analysis and differential equations : _bIasi, Romania, 4-9 September 2006 / _ceditors, Ovidiu Carja, Ioan I. Vrabie. |
| 264 | 1 |
_aNew Jersey : _bWorld Scientific Publishing, _c2007. |
|
| 300 |
_axii, 351 pages : _billustrations ; _c24 cm |
||
| 336 |
_2rdacontent _atext _btxt |
||
| 337 |
_aunmediated _2rdamedia _bn |
||
| 338 |
_avolume _bnc _2rdacarrier |
||
| 504 | _aIncludes bibliographical references and index. | ||
| 650 | 7 |
_aMathematical analysis _vCongresses. _2BUEsh _910658 |
|
| 650 | 7 |
_aDifferential equations _vCongresses. _2BUEsh _910659 |
|
| 655 | _vReading book | ||
| 700 | 1 |
_aCarja, Ovidiu, _eeditor. _910660 |
|
| 700 | 1 |
_aVrabie, I. I. _q(Ioan I.), _d1951- _eeditor. _910661 |
|
| 856 | 4 | 1 |
_3Table of contents _uhttp://www.loc.gov/catdir/toc/fy0802/2007300258.html |
| 942 |
_2ddc _cBB |
||
| 999 |
_c13210 _d13210 |
||